Quizzes
Events
Quiz Creation
Community
Videos
Private Events
Remove Ads
Sign In
Join for FREE
Feedback
Dark Mode
Quiz Categories
Sports
Geography
Music
Movies
Television
Just For Fun
Miscellaneous
History
Literature
Language
Science
Gaming
Entertainment
Religion
Holiday
For Kids
Quiz Lab
Recent
Popular Today
Quiz Kudos Today
Editor Picks
Curator Picks
Quizzes by...
Day
Popularity
Type
Ratings
Length
Year
Community
Subscriptions
Recent Discussions
Orange Saloon
Badges
Playlists
Quests
Create
Leaderboards
Showdown
Live 5
Trivia Bingo
Activity
Puzzle Library
Sporcle Events
Private Events
Virtual Trivia
Globe League
Become a Host
Pub Owners
SporcleCon
Opinionation
Our Games
Videos
Blog
Mobile Apps
Partnerships
Remove Ads and Go Orange
Feedback
Geography
Country
Landmarks
City
State
Population
World
Capital
Continent
Flags
Europe
Africa
Asia
South America
North America
Oceania
Border
Canada
United Kingdom
Topography
United States
Geography
Country
Landmarks
City
State
Population
World
Capital
Continent
Flags
Europe
Africa
Asia
South America
North America
Oceania
Border
Canada
United Kingdom
Topography
United States
Random Quiz
Search Sporcle
×
Quiz Lab
Quiz Lab
Geography
Letter
Type in answers that appear in a list
Type in answers that appear in a list
Classic
Best Score? Go Orange.
World Geography A-Z Stats
Can you name the answers to these questions about World Geography that begin with the letters A-Z?
By
josephjoppich
6m
26 Questions
205 Plays
205 Plays
205 Plays
Comments
Comments
Give Quiz Kudos
Give Quiz Kudos
-
- Ratings
hide this ad
Replay
Link that replays current quiz
Next Quiz
Link to next quiz in quiz playlist
You Got
0%
They Got
Avg Score
54%
Avg Friend Score
Upgrade to see
Score Distribution
Jump to the score distribution portion of the page
Score
0/26
Timer
06:00
0
Plays Today
Hint
Answer
% Correct
The only country that begins with the letter 'Q'
Qatar
83.9%
Lufthansa is the national carrier of this country
Germany
82%
Largest city in South Africa
Johannesburg
82%
This US state contains the cities of Waterbury, Norwalk,and Stamford
Connecticut
81.5%
The Islands group disputed between Argentina and the United Kingdom in the Patagonia Shelf
Falkland Islands
80%
The Canadian province that contains the city with the highest population in Canada
Ontario
79.5%
The alternate name for Timor-
Leste
East Timor
77.6%
The official language of Myanmar
Burmese
73.7%
This European constituent country has a dragon on its flag
Wales
69.3%
The disputed Himalayan region claimed by both Pakistan and India
Kashmir
62.4%
The third largest island in Indonesia
Sumatra
62.4%
The only capital that begins with 'Z'
Zagreb
59.5%
The only island with two capitals in the Caribbean
Hispaniola
56.1%
Hint
Answer
% Correct
The capital of Papua New Guinea
Port Moresby
56.1%
What is the largest and northernmost region of Finland
Lapland
54.6%
The name of the longest river in Pakistan
Indus River
52.7%
The original home country of the Lord's Resistance Army
Uganda
47.8%
The 6th longest river in the world
Yellow River
45.9%
A region of Croatia whose largest city is Split and was once the name of a province of the Roman Empire
Dalmatia
37.6%
The tallest volcano in Hawaii
Mauna Kea
36.1%
A cold desert in northern Chile and south Peru that is notorious for having almost zero rainfall
Atacama Desert
35.1%
The region along the Nile River in northern Sudan and southern Egypt whose civilization dates back to 2000 BC
Nubia
31.7%
Breakaway state of Moldova who's capital is Tiraspol
Transnistria
26.8%
A sea/
bay located between Victoria Land and Marie Byrd Land in Antarctica, it is named after the first person to find it and he also has an ice shelf named after him
Ross Sea
24.9%
The highest mountain in Antarctica
Vinson Massif
18.5%
The Mozambican city originally called João Belo until 1975
Xai Xai
5.4%
Quiz Playlist
Details
Report
Send in Message
Add To Playlist
Classic:
Type in answers that appear in a list
Last Updated: Feb 16, 2017
Quiz Scoreboard
CHALLENGE
Sign Up to Join the Scoreboard
Show All
Scores
Hide
Comments
May contain spoilers
Recently Published
An Introduction to Baseball
by treessimontrees
Sports
5m
Movies - When Are They Set?
by FPL_Elf
Movies
5m
Popular People in 1961
by mucciniale
History
6m
More to Explore
Quiz From the Vault
Featured Blog Post
Where Did the Easter Bunny Come From?
hide this ad
You Might Also Like...
Tags
Letter Quiz
World Quiz
A-Z
Today's Top Quizzes in Geography
Browse Geography
hide this ad
Today's Top Quizzes in Letter
Browse Letter
Top Contributed Quizzes in Geography
1
Countries of the World - No Outlines Minefield
2
Top 25 Cities of France on a map
3
Closest Countries to UK A-Z
4
Any capital of a 'B' country per Continent
5
One Thing in Common: United Kingdom
6
Find the Provinces of Canada - No Outlines Minefield
7
Any capital of a 'C' country per Continent
8
Blind Secret Country CLXXXVIII
9
Find the US States - No Outlines
10
Any capital of a 'D' country per Continent
Explore More
Trending Topics
Harry Potter
Disney
Crossword
Kpop
NBA
Marvel
Anime
WWE
Soccer
Song
Puzzle
The Office
Country
NFL
Pokémon
hide this ad
More By:
josephjoppich
Quiz
Plays
Rating
Category
Featured
Created
Oceania Geography Bunker
35,322
4.48
Geography
Aug 23, 2015
Countries from Before 1900 Minefield
308
2.71
Geography
Aug 22, 2015
The Only Three Countries
243
4.74
Geography
Aug 19, 2015
World Geography A-Z
205
3.25
Geography
Aug 25, 2015
Countries with Daylight Savings Time
174
4.60
Geography
Aug 18, 2015
Go to Creator's Profile
Score Distribution
Quiz Creator Spotlight
josephjoppich
Follow
Send a Message
Quizzes Created
-
Created Quiz Play Count
-
More By This Creator
Popular Quizzes Today
1
Find the Countries of Europe - No Outlines Minefield
2
Find the US States - No Outlines Minefield
3
The Countries of the World
4
Popular People in 1961
5
US States
6
Find the US States
7
1-10 Letter E Words III
8
Risky Map Clicking: Biggest States A-Z
More Geography Quizzes
8 Countries That Border Türkiye
Published
Trending Quizzes
Risky Map Clicking: Least Populous States A-Z
1-10 Letter F Words
1-10 Letter G Words
One Thing in Common: United Kingdom
Not Quite an Element Typing Challenge
Recently Updated
Leaping Animals
pecheneg
Reality TV Shows (A-Z)
bhenderson79
Rickey Henderson's Hall of Fame Teammates
pecheneg
Champions League XIs: Arsenal
pecheneg
Quick Pick: Celebrities in WWE's Hall of Fame
aduchscher
A-Z Keypad Blitz II
pecheneg
Multiple Oscar Actors
pecheneg
Mystery Phrase Blitz: Oscar 'Best Actors'
pecheneg
F. Scott Fitzgerald Novels
LTH
Pick 3 Villains
ddd62291
Trending Topics
Marvel
Harry Potter
Disney
Kpop
NBA
Anime
Crossword
Song
Country
The Office
WWE
NFL
Puzzle
Soccer
Pokémon
Your Account Isn't Verified!
In order to create a playlist on Sporcle, you need to verify the email address you used during registration. Go to your
Sporcle Settings
to finish the process.
Report this User
Report this user for behavior that violates our
Community Guidelines
.
Details:
Send Report
Go to the Sporcle.com Mobile Site →
Comments